Normal view
MARC view
Entry Personal Name
001 - CONTROL NUMBER
- control field: 136652
003 - CONTROL NUMBER IDENTIFIER
- control field: OSt
005 - DATE AND TIME OF LATEST TRANSACTION
- control field: 20231009094458.0
008 - FIXED-LENGTH DATA ELEMENTS
- fixed length control field: 231009|| aca||aabn | a|a d
040 ## - CATALOGING SOURCE
- Original cataloging agency: OSt
- Transcribing agency: OSt
100 ## - HEADING--PERSONAL NAME
- Personal name: Geetha Kulakarni ಗೀತಾ ಕುಲಕರ್ಣಿ
670 ## - SOURCE DATA FOUND
- Source citation: Work cat.: (OSt): Geetha Kulakarni ಗೀತಾ ಕುಲಕರ್ಣಿ , Swapnamandira ಸ್ವಪ್ನ ಮಂದಿರ